| 000 | 00734nam a22002537a 4500 | ||
|---|---|---|---|
| 999 |
_c923 _d923 |
||
| 001 | 295 | ||
| 003 | BD-DhUAP | ||
| 005 | 20200129104031.0 | ||
| 008 | 200129s1994 nyua b 001 0 eng d | ||
| 020 | _a0070178445 | ||
| 040 |
_aDLC _cDLC _dBD-DhUAP _bEng |
||
| 082 | 0 | 0 |
_223 _a339 DOR |
| 100 | 1 | _aDornbusch, Rudiger. | |
| 245 | 1 | 0 |
_aMacroeconomics / _cRudiger Dornbusch and Stanley Fischer. |
| 250 | _a6th ed. | ||
| 260 |
_aNew York : _bMcGraw-Hill, _cc1994. |
||
| 300 |
_axxi, 635 pages : _billustrations ; _c25 cm. |
||
| 504 | _aIncludes bibliographical references and index. | ||
| 650 | 0 | _aMacroeconomics. | |
| 700 | 1 | _aFischer, Stanley. | |
| 942 |
_2ddc _cBK |
||